000 04664nam a2200469 a 4500
001 dia_5059
003 CHAP
005 20250219133459.0
007 ta
008 220117s2006 mx ad frm 001 0 spa d
010 _a175883
040 _cCHAP
_amxchpua
_erda
041 0 _aspa
_beng
090 _aTesis
_bH842
_c2006
100 1 _aHuerta Zurita, Ramón
240 1 0 _aAmino acids in malting barley (Hordeum vulgare L. and Hoerdeum sistichum) and its interaction with quality parameters of malt.
_lEspañol
245 1 0 _aAminoácidos en cebada maltera (H. vulgare L.y H. distichum) y su interacción con los factores de calidad de la malta /
_cRamón Huerta Zurita
264 _aChapingo, México :
_bEl autor,
_c2006
300 _avi, 64 hojas :
_bilustraciones, gráficas, tablas
336 _2rdacontent
_atexto
_btxt
337 _2rdamedia
_ano mediado
_bn
338 _2rdacarrier
_avolumen
_bnc
502 _aTesis
_b(Ingeniero Agroindustrial) --
_cUACh. Departamento de Ingeniería Agroindustrial,
_d2006
504 _aBibliografía: hojas 60-64
520 3 _aEsta investigación se realizó con el objetivo de determinar la concentración de aminoácidos en líneas de cebada maltera generadas por el programa de mejoramiento genético del INIFAP, con el fin de observar cambios originados después del malteo; además se analizaron variables que determinan calidad en la cebada y en la malta de 174 líneas de generaciones avanzadas y 14 muestras de variedades (6 de Adabella, 6 de Esmeralda, 1 de Gaviota y 1 de Guanajuato). En las 4 variedades y 5 líneas avanzadas se analizó el contenido de aminoácidos en cebada y malta mediante Cromatografía Líquida de Alta Resolución (HPLC). En grano de cebada se cuantificó proteína, humedad, porcentaje de grano desnudo y tamaño de grano para uso maltero. Fueron seleccionadas 142 líneas y las 14 muestras de las variedades para efectuar el proceso de micromalteo. Los resultados obtenidos del análisis en malta, permitieron la selección de 9 líneas con calidad maltera excelente. Se observó una correlación positiva significativa (0.67*) entre el contenido de almidón en cebada y el porcentaje de extracto molienda fina en malta, el porcentaje de proteína soluble y el contenido de alfa amilasa (0.84*). Fue posible separar 15 aminoácidos en cebada y malta de los 18 reportados por FAO (1970). Se observó variación en el contenido de ácido glutámico, lisina, metionina, y ácido aspártico en malta con respecto a cebada. Se determinó correlación entre el ác. glutámico cuantificado en malta y el contenido de proteína total (0.99*) y proteína soluble (0.54*); así como el ác. aspártico con la variable rendimiento de malta (0.70*). --
520 3 _aThis research work was made with the objective of determining the concentration of amino acids in experimental lines of malting barley generated by INIFAP's program of genetic improvement, in order to observe changes after malting; furthermore, quality parameters of barley and malt were analyzed in 174 experimental lines and 4 varieties. Amino acids content was analyzed in barley and malt of 4 varieties and 5 experimental lines by high performance liquid chromatography (HPLC). Total protein, humidity, kernel size, and skinned and broken kernels were analyzed in barley. After barley analysis, 142 experimental lines and 4 varieties were selected for malting. From malt analysis, only 9 experimental lines were selected by malt quality. Positive and significant correlations between the contents of starch in barley and the EMF percent (0.67*), the percentage of soluble protein and the contents of a-amylase (0.84*) were observed. 15 amino acids of 18 reported by FAO (1970) were quantified. It was observed variation of glutamic acid, lysine, methionine, and aspartic acid after malting. Positive and significant correlations between glutamic acid in malt and total protein (0.99*), and soluble protein (0.54*); aspartic acid and malting recovery (0.70*) were observed.
650 1 3 _aAminoácidos
_2atg
650 1 3 _aCalidad de malteado
_2atg
650 1 3 _aMalta
_2atg
650 1 3 _aAmino acids
_2atg
650 1 3 _aMalt
_2atg
650 1 3 _aMalting quality
_2atg
700 1 _aSevilla Paniagua, Evangelina
_edirectora
700 1 _aBuendía González, María Ofelia
_easesora
700 1 _aRubio Hernández, David
_easesor
856 4 1 _uhttp://10.13.5.2/tesis/104392.pdf
_yDESCARGAR PDF
901 _aTESIS H84 2006
902 _aM
905 _a5232272006 mx mn 8223223322spa16
942 _cTESIS
_2Clasificación Universidad Autónoma Chapingo
999 _c175883
_d175883